000 00528nam a2200181 i 4500
001 bg
100 1 _aKORNBERGER, Zbigniew
245 0 _aTechnologia budowy maszyn /
_cZbigniew Kornberger.
250 _aWyd.3 popr.
260 _aWarszawa,
_c1971.
650 9 _aMaszyny
_xtechnologia
655 _aPodręczniki akademickie
040 _cBPK
041 _apol
942 _cKS
008 s pl f |000 0 pol
856 _uhttp://koha.tu.koszalin.pl/cgi-bin/koha/opac-detail.pl?biblionumber=636
_yKatalog online BPK
999 _c636
_d636